000
00296nam a2200133Ia 4500
005
20251222144758.0
008
251222s9999||||xx |||||||||||||| ||spa||
020
_a
9972-40-203-5
082
_a
719.328.5/W95T
100
_a
Wust, Walter H.
245
0
_a
PerĂº:
264
_b
Peisa
942
_c
LIB
999
_c
19613
_d
19613